Operation sisterhood / Olugbemisola ... Read More
Available copies
- 2 of 2 copies available at LARL/NWRL Consortium. (Show)
- 2 of 2 copies available at Lake Agassiz Regional Library.
Current holds
0 current holds with 2 total copies.
Show Only Available Copies
| Location | Call Number / Copy Notes | Barcode | Shelving Location | Status | Due Date |
|---|---|---|---|---|---|
| Barnesville Public Library | J RHU (Text) | 33500013536875 | Main | Available | - |
| Crookston Public Library | J RHU (Text) | 33500013536883 | Main | Available | - |
Record details
- ISBN: 9780593379899
- ISBN: 0593379896
- ISBN: 9780593379905
- ISBN: 059337990X
- ISBN: 9780593379929
- ISBN: 0593379926
- Physical Description: 305 pages : illustrations ; 22 cm
- Edition: First edition.
- Publisher: New York : Crown Books for Young Readers, [2022]
Content descriptions
| Summary, etc.: | Eleven-year-old Bo is used to it being just her ... Read More |
| Target Audience Note: | Ages 8-12. Crown Books for Young Readers. Grades 4-6. Crown Books for Young Readers. |
Search for related items by subject
| Genre: | Fiction. Juvenile works. Domestic fiction. |
| LDR | 03027cam a22006978i 4500 | ||
|---|---|---|---|
| 001 | 383628 | ||
| 003 | LARL_NWRL_CONSORTIUM | ||
| 005 | 20220120130243.0 | ||
| 008 | 210913s2022 nyua c 000 1 eng | ||
| 010 | . | ‡a 2021037989 | |
| 040 | . | ‡aDLC ‡beng ‡erda ‡cDLC ‡dORX ‡dOCLCF ‡dOCO ‡dFMG ‡dGO3 ‡dTCH | |
| 019 | . | ‡a1258219205 ‡a1289928554 | |
| 020 | . | ‡a9780593379899 ‡q(hardcover) | |
| 020 | . | ‡a0593379896 | |
| 020 | . | ‡a9780593379905 ‡q(library binding) | |
| 020 | . | ‡a059337990X | |
| 020 | . | ‡a9780593379929 ‡q(trade paperback) | |
| 020 | . | ‡a0593379926 | |
| 020 | . | ‡z9780593379912 ‡q(ebook) | |
| 035 | . | ‡a(OCoLC)1258219182 ‡z(OCoLC)1258219205 ‡z(OCoLC)1289928554 | |
| 042 | . | ‡apcc ‡alcac | |
| 043 | . | ‡an-us-ny | |
| 082 | 0 | 0. | ‡a[Fic] ‡223 |
| 100 | 1 | . | ‡aRhuday-Perkovich, Olugbemisola, ‡eauthor. ‡0(LARL_NWRL_CONSORTIUM)200596 |
| 245 | 1 | 0. | ‡aOperation sisterhood / ‡cOlugbemisola Rhuday-Perkovich ; jacket and interior illlustrations by Brittney Bond. |
| 250 | . | ‡aFirst edition. | |
| 264 | 1. | ‡aNew York : ‡bCrown Books for Young Readers, ‡c[2022] | |
| 300 | . | ‡a305 pages : ‡billustrations ; ‡c22 cm | |
| 336 | . | ‡atext ‡btxt ‡2rdacontent | |
| 336 | . | ‡astill image ‡bsti ‡2rdacontent | |
| 337 | . | ‡aunmediated ‡bn ‡2rdamedia | |
| 338 | . | ‡avolume ‡bnc ‡2rdacarrier | |
| 521 | 2 | . | ‡aAges 8-12. ‡bCrown Books for Young Readers. |
| 521 | 2 | . | ‡aGrades 4-6. ‡bCrown Books for Young Readers. |
| 520 | . | ‡aEleven-year-old Bo is used to it being just her and her mom in their cozy New York apartment, but when her mom gets married, Bo must adjust to her new sisters and a music-minded blended family that is much larger, louder, and more complex than she ever imagined. | |
| 650 | 0. | ‡aSisters ‡vJuvenile fiction. ‡0(LARL_NWRL_CONSORTIUM)167228 | |
| 650 | 0. | ‡aAfrican Americans ‡vJuvenile fiction. ‡0(LARL_NWRL_CONSORTIUM)163089 | |
| 650 | 0. | ‡aFamilies ‡vJuvenile fiction. ‡0(LARL_NWRL_CONSORTIUM)164956 | |
| 650 | 0. | ‡aStepfamilies ‡vJuvenile fiction. | |
| 650 | 0. | ‡aMusic ‡vJuvenile fiction. | |
| 651 | 0. | ‡aHarlem (New York, N.Y.) ‡vJuvenile fiction. | |
| 650 | 1. | ‡aAfrican Americans ‡vFiction. ‡0(LARL_NWRL_CONSORTIUM)163084 | |
| 650 | 1. | ‡aFamily life ‡zNew York (State) ‡zHarlem ‡vFiction. | |
| 650 | 1. | ‡aMusic ‡vFiction. ‡0(LARL_NWRL_CONSORTIUM)166275 | |
| 651 | 1. | ‡aHarlem (New York, N.Y.) ‡vFiction. ‡0(LARL_NWRL_CONSORTIUM)165699 | |
| 650 | 7. | ‡aJUVENILE FICTION / Family / Blended Families. ‡2bisacsh | |
| 650 | 7. | ‡aJUVENILE FICTION / Social Themes / Adolescence & Coming of Age. ‡2bisacsh | |
| 650 | 7. | ‡aJUVENILE FICTION / Diversity & Multicultural. ‡2bisacsh | |
| 650 | 7. | ‡aSisters. ‡2fast ‡0(LARL_NWRL_CONSORTIUM)31054 | |
| 655 | 7. | ‡aFiction. ‡2fast | |
| 655 | 7. | ‡aJuvenile works. ‡2fast | |
| 655 | 7. | ‡aDomestic fiction. ‡2lcgft | |
| 700 | 1 | . | ‡aBond, Brittney ‡c(Illustrator), ‡eillustrator. |
| 776 | 0 | 8. | ‡iOnline version: ‡aRhuday-Perkovich, Olugbemisola ‡tOperation sisterhood. ‡bFirst edition ‡dNew York : Crown Books for Young Readers, [2022] ‡z9780593379912 ‡w(DLC) 2021037990 |
| 905 | . | ‡uvanderl | |
| 901 | . | ‡a383628 ‡b ‡c383628 ‡tbiblio ‡soclc | |

Add to basket
Permalink
Disable Highlighting